000 01581cam a22003131i 4500
003 SA-RiAUC
005 20241001122501.0
008 240929s2013____su g e 00010cara c
020 _a978996705224
040 _aSA-RiKAPL
_bara
_cSA-RiAUC
_erda
043 _aa-su---
082 0 4 _a920.0531
_qSA-RiAUC
090 _a920.0531
_b م و س
110 2 _aمؤسسة عكاظ للصحافة والنشر (جدة، السعودية).
_bمركز المعلومات
_eمؤلف.
245 1 0 _aموسوعة الشخصيات السعودية /
_cإعداد وتوثيق مركز المعلومات، مؤسسة عكاظ للصحافة والنشر ؛ إشراف عبد الرحمن عبيد القرني ؛ تدقيق ومراجعة محمد علي الجفري، فهد محمد اليزيدي ؛ تحرير أشرف مصطفى الهندي [ومجموعة آخرون]
250 _aالطبعة الاولى
264 1 _aجدة، السعودية :
_bمؤسسة عكاظ للصحافة والنشر،
_c2006
300 _a666 صفحة ؛
_c30 سم
336 _aنص
_btxt
_2rdacontent
_3كتاب
337 _aبدون وسيط
_bn
_2rdamedia
338 _aمجلد
_bnc
_2rdacarrier
651 7 _aالسعودية
_vتراجم
_vدوائر معارف
_2aucsh
700 1 _aاليزيدي، فهد محمد
_eمراجع.
700 1 _aالقرني، عبد الرحمن عبيد
_eمشرف.
700 1 _aالجفري، محمد علي
_eمراجع.
700 1 _aالهندي، أشرف مصطفى
_eمحرر.
942 _2ddc
_cBOOK
_n0
949 _aSA-JeALM
_d240929
_umohamedma123
_n1
999 _c720
_d720